00458nam a2200181Ia 450000500170000000800410001702000150005808200210007324500270009426000380012130000160015965000200017565000150019565000130021065000100022365000180023370000250025120250122055036.0240331s9999 xx 000 0 und d a041590059X bNIC21143a305.4 0aFeminism/Postmodernism aLondonaNew YorkbRoutledgec1990 aix, 348 p., aFeminist Theory aPhilosophy aPolitics aWomen aPostmodernism aNicholson, L. Jeedt